000 02799na a2200445 4500
001 21508
003 MIRAKIL
005 20181213154821.0
008 170206b tu 000 0
035 _a13036
040 _aMilas
_btur
_cTR-AnCHP
041 _atur
082 _aCHP 338.9566
_bC36d 1998/5
090 _aCHP 338.9566 C36d 1998/5
110 _aCumhuriyet Halk Partisi (CHP)
_bMerkez Yönetim Kurulu (MYK)
_bSomut Politikalar Çalışma Grubu
245 _aDoğu ve Güneydoğu -- ön rapor
_bMayıs 1998
_cCumhuriyet Halk Partisi Merkez Yönetim Kurulu Somut Politikalar Çalışma Grubu
260 _aAnkara
_bCHP
_cMayıs 1998
300 _a37 s.
_btbl.
_c30 sm.
440 _aCumhuriyet Halk Partisi yayınları
_pRaporlar
490 _aSomut Politikalar Çalışma Grubu
_v16
500 _aCHP Somut Politikalar Çalışma Grubu'un mayıs 1998 ön raporudur.
500 _a5 adet bulunur. Yerel numaradaki sayılar, raporların sunulduğu ayları temsil eder : Ocak -1 ; Şubat -2 ; Mart -3 ; Nisan -4 ; Mayıs -5; Haziran -6 ; Temmuz-7 ; Ağustos -8 ; Eylül -9 ; Ekim -10 ; Kasım -11 ; Aralık -12
505 _a Bölge sorunları altında eziliyor - Çözüm, demokratikleşme ve sosyo-ekonomik kalkınmadır - Bölgenin demografik ve ekonomik konumu - Bölgede göç olgusu - Köy ve mezraların zorunlu olarak boşaltılması - Yatırımlar duruyor, feodal yapı aşılamıyor - Boşaltılan köylerin mağduriyetlerinin giderilmesi temel öncelik olmalıdır - Bölgesel ekonomik kalkınma planı sorunların aşılmasının anahtarıdır - Bölgede uygulamaya konacak tüm sosyo-ekonomik politika ve projeler bölgesel kalkınma planı çerçevesinde ele alınmalıdır - Bugüne kadar bu konuda ne diye başarılı olunamadı - KEK, bölgesel ekonomik kalkınmadan sorunlu olmalıdır - KEK olanakları ve yetkileri geniş, esnek, demokratik bir kurum olarak oluşturulmalıdır - Başarı; bölge merkezi, katılımcı etkin yönetim ile sağlanabilir
610 _aCHP
_xBölgesel kalkınma politikaları
_zDoğu ve Güneydoğu Anadolu Bölgesi
610 _aCHP
_xDoğu ve Güneydoğu politikaları
610 _aCHP
_xKürt sorunu
_yÖn raporlar
610 _aCHP
_xKürt sorunu
_yÇözüm önerileri
610 _aCHP
_xDoğu ve Güneydoğu sorunu
_yÖn raporlar
650 _aKürt sorunu
_xRaporlar
_zTürkiye
650 _aTerörizm
_xRaporlar
_zTürkiye
651 _aDoğu ve Güneydoğu Anadolu Bölgesi
_xSosyo ekonomik durum
_yRaporlar
657 _aCHP doğu ve Güneydoğu raporu, 1998
657 _aCHP kürt sorunu raporu, 1998
657 _aSomut politikalar raporu, 1998
740 _aDoğu raporları
740 _aDoğu ve Güneydoğu raporları
830 _aCHP raporları
942 _2dcc
_cBKS
999 _c1383
_d1383